ბათუმის შოთა რუსთაველის სახელმწიფო უნივერსიტეტის ბიბლიოთეკა

ზღვა და საწამლავი / (ბიბ.ჩანაწერი № 59146)

000 -ლიდერი
ფიქსირებული სიგრძის საკონტროლო ველი 01044nam a22001937a 4500
003 - საკონტროლო ნომრის იდენტიფიკატორი
საკონტროლო ველი Ge_BSU
005 - ბოლო ოპერაციის თარიღი და დრო
საკონტროლო ველი 20221130125626.0
008 - ფიქსირებული სიგრძის მონაცემთა ელემენტები - ზოგადი ინფორმაცია
ფიქსირებული სიგრძის საკონტროლო ველი 221130s1979ge xxu||||| |||| 00| 0 geo d
041 ## - ენის კოდი
Language code of text/sound track or separate title geo
080 ## - უნივერსალური ათობითი კლასიფიკაციის ინდექსი
Universal Decimal Classification number 821.521-32 ე-66
100 ## - მთავარი ჩანაწერი - პიროვნების სახელი
Personal name ენდო სიუსაკუ, ავტ.
9 (RLIN) 16245
245 ## - ცნობა სათაურის შესახებ
Title ზღვა და საწამლავი /
Statement of responsibility, etc ნდო სიუსაკუ ; [იაპონელი მწერლის მოთხრობები თარგმნა: ს. ქეთელაურმა და ლ. მჭედლიშვილმა].
264 ## - წარმოების, გამოცემის, დისტრიბუციის და სხვა ცნობები
გამოცემის, წარმოების, დისტრიბუციის... ადგილი თბილისი :
გამოცემის, წარმოების, დისტრიბუციის... სახელწოდება საბჭ. საქართველო,
გამოცემის, წარმოების, დისტრიბუციის... თარიღი 1979.
300 ## - ფიზიკური აღწერა
Extent 402 გვ. ;
Other physical details 19 სმ.
653 ## - INDEX TERM--UNCONTROLLED
Uncontrolled term ოჯახი და სიყვარული. ქალი, რომელიც მივატოვე.
700 ## - ADDED ENTRY--PERSONAL NAME
Personal name ქეთელაური, ს
Relator term მთარგმნელი
9 (RLIN) 16246
700 ## - ADDED ENTRY--PERSONAL NAME
Personal name მჭედლიშვილი, ლ
Relator term მთარგმნელი
9 (RLIN) 15069
942 ## - ADDED ENTRY ELEMENTS (KOHA)
Source of classification or shelving scheme
Koha item type წიგნი
ეგზემპლარები
ჩამოწერის სტატუსი დაკარგული ეგზემპლარის სტატუსი კლასიფიკაციის წყარო ან თაროზე გაწყობის სქემა დაზიანების სტატუსი არ გაიცემა მუდმივი მდებარეობა (დაცვის ადგილი) ამჟამინდელი ადგილსამყოფელი თაროზე განთავსების ადგილი შეძენის თარიღი ღირებულება, შესყიდვის ნორმალური ფასი სრული შენახვის შიფრი შტრიხკოდი ბოლო ოპერაციის თარიღი ეგზემპლარის მიმდევრობითი ნომერი (კეტერი?) ფასის ძალაში შესვლის თარიღი ეგზემპლარის სახეობა საჯარო შენიშვნა
          ბათუმის შოთა რუსთაველის სახელმწიფო უნივერსიტეტის მთავარი ბიბლიოთეკა ბათუმის შოთა რუსთაველის სახელმწიფო უნივერსიტეტის მთავარი ბიბლიოთეკა წიგნსაცავი 2022-11-30 7.00 821.521-32 ე-66 63225 2022-11-30 63225 2022-11-30 წიგნი 7.00